Descripción física, geológica y minera de la provincia de Huelva / (Record no. 154640)

MARC details
000 -LEADER
campo de control de longitud fija 01500nam a2200277 i 4500
001 - NÚMERO DE CONTROL
campo de control 154640
003 - IDENTIFICADOR DE NÚMERO DE CONTROL
campo de control ES-MaACL
005 - FECHA Y HORA DE LA ÚLTIMA TRANSACCIÓN
campo de control 20260327152027.0
008 - DATOS DE LONGITUD FIJA--INFORMACIÓN GENERAL
campo de control de longitud fija 961110m18861888sp a |||| | spa d
100 1# - ENTRADA PRINCIPAL--NOMBRE DE PERSONA
Nombre de persona Gonzalo y Tarín, Joaquín (
Fechas asociadas al nombre 1838-1910)
9 (RLIN) 127394
245 10 - MENCIÓN DEL TÍTULO
Título Descripción física, geológica y minera de la provincia de Huelva /
Mención de responsabilidad, etc. por Joaquín Gonzalo y Tarín.
260 ## - PUBLICACIÓN, DISTRIBUCIÓN, ETC.
Lugar de publicación, distribución, etc. Madrid :
Nombre del editor, distribuidor, etc. [s.n.],
Fecha de publicación, distribución, etc. 1886-1888 (
Fabricante Imp. y Fund. de Manuel Tello)
300 ## - DESCRIPCIÓN FÍSICA
Extensión 2 t. en 3 v. :
Otras características físicas il. ;
Dimensiones 27 cm.
490 1# - MENCIÓN DE SERIE
Mención de serie Memorias de la Comisión del Mapa Geológico de España
505 8# - NOTA DE CONTENIDO CON FORMATO
Nota de contenido con formato I. 1ª parte. Descripción física (274, IV p., 1 h. pleg. de map.) -- I, 2ª parte. Descripción geológica. Estratigrafía (278-671, VIII p., VI h. de lám. (2 pleg.)) -- II. Descripción minera (660, VII p., 41 h. de lám. (algunas pleg.))
530 ## - NOTA DISPONIBLE DE FORMULARIO FÍSICO ADICIONAL
Nota de formato físico adicional disponible Disponible en formato digital.
650 #4 - PUNTO DE ACCESO ADICIONAL DE MATERIA--TÉRMINO DE MATERIA
Término de materia o nombre geográfico como elemento de entrada Geología-
Subdivisión geográfica Huelva (Provincia)
9 (RLIN) 155398
650 #4 - PUNTO DE ACCESO ADICIONAL DE MATERIA--TÉRMINO DE MATERIA
Término de materia o nombre geográfico como elemento de entrada Yacimientos minerales-
Subdivisión geográfica Huelva (Provincia)
9 (RLIN) 155399
651 #4 - PUNTO DE ACCESO ADICIONAL DE MATERIA--NOMBRE GEOGRÁFICO
Nombre geográfico Huelva (Provincia)-
Subdivisión general Geografía física.
9 (RLIN) 137212
710 2# - ENTRADA AGREGADA--NOMBRE DE ENTIDAD CORPORATIVA
Nombre de entidad corporativa o nombre de jurisdicción como elemento de entrada Comisión del Mapa Geológico de España.
9 (RLIN) 3030
830 0# - PUNTO DE ACCESO ADICIONAL DE SERIE-TÍTULO UNIFORME
Título uniforme Memorias de la Comisión del Mapa Geológico de España
9 (RLIN) 184748
852 ## - LOCALIZACIÓN
Ubicación ES-MaACL
Número de control de estantería 154-C-14-16
Nota libre Revisado enlace: 27 de Marzo de 2025.
itemnumber 160312
Encuadernación Encuadernación holandesa
Ubicación en estantería Administración
856 4# - LOCALIZACIÓN Y ACCESO ELECTRÓNICOS
Materiales especificados v.1
Identificador Uniforme de Recursos <a href="http://bdh-rd.bne.es/viewer.vm?id=0000045495&page=1 ">http://bdh-rd.bne.es/viewer.vm?id=0000045495&page=1 </a>
Texto de enlace Biblioteca Digital Hispánica
942 ## - ELEMENTOS DE ENTRADA SECUNDARIOS (KOHA)
Fuente del sistema de clasificación o colocación Clasificación decimal universal
Tipo de ítem Koha Libro impreso
Holdings
Estatus retirado Estado de pérdida Fuente del sistema de clasificación o colocación Estado de daño No para préstamo Biblioteca de origen Biblioteca actual Ubicación en estantería Fecha de adquisición Total de préstamos Signatura topográfica completa Código de barras Visto por última vez Precio de reemplazo Tipo de ítem Koha
    Clasificación Decimal Dewey     Biblioteca del Ateneo de Madrid Biblioteca del Ateneo de Madrid Administración 17/01/2008   154-C-14-16 1161740 23/02/2023 23/02/2023 Libro impreso